000 01122nam a2200289Ia 4500
003 OSt
005 20221007125155.0
006 a|||||r|||| 00| 0
007 ta
008 221006b |||||||| |||| 00| 0 eng d
020 _a8173191522 (hbd)
_cRs.475.00
024 _a5465
037 _bNarosa,
_cTextual
040 _aCDL
_cCDL
_beng
041 _2eng
_aeng
082 _aE0aG:55, N8
100 _aParashar D C Ed
_9721649
245 0 _aGlobal environment chemistry ed by D C Parashar and others
_b Sharma C Ed Mitra A P Ed
260 _aNew
_bDelhi Narosa Publishing House
_c1998
300 _aviii,285p
_ccm.
500 _aIncludes bibliographical references; ^n23/CSL/Carc/98-99/6569^d1998-09-21^mPurchase; ; 98-99/232^b1998-10-09^c048151^d1998-09-24^eNarosa Book Distributors Private Limited; ; 1998-10-10^c1998-10-12^r1998-11-27
650 _aChemistry irt Environmental Science
_9716805
700 _a Mitra A P Ed
_9721650
700 _a Sharma C Ed
_9721651
942 _hE0aG:55, N8
_cTEXL
_2CC
999 _c1214796
_d1214796